Aktuálne problémy nezamestnanosti v európskom priestore

Globálna kríza a nezamestnanosť mužov a žien v Európskom priestore. Miera nezamestnanosti v EÚ v priebehu rokov 2006 – január 2014. Globálna kríza a nezamestnanosť mladých ľudí v Európskom priestore. Odporúčania na zvýšenie zamestnanosti mladých ľudí.

Guardado en:
Detalles Bibliográficos
Autor principal: Novák, Marcel, 1979-
Otros Autores: Skalák, Pavol
Formato: Capítulo de libro
Lenguaje:eslovaco
Materias:
Etiquetas: Agregar Etiqueta
Sin Etiquetas, Sea el primero en etiquetar este registro!

MARC

LEADER 00000nla a2200000 4500
001 0188822
005 20240502073208.0
041 0 |a slo 
044 |a SK 
245 1 0 |a Aktuálne problémy nezamestnanosti v európskom priestore  |c Marcel Novák, Pavol Skalák 
520 |a Globálna kríza a nezamestnanosť mužov a žien v Európskom priestore. Miera nezamestnanosti v EÚ v priebehu rokov 2006 – január 2014. Globálna kríza a nezamestnanosť mladých ľudí v Európskom priestore. Odporúčania na zvýšenie zamestnanosti mladých ľudí. 
610 2 0 |a nezamestnanosť 
610 2 0 |a muži 
610 2 0 |a ženy 
610 2 0 |a Európska únia 
610 2 0 |a kríza hospodárska 
100 1 |a Novák, Marcel, 1979- 
700 1 |a Skalák, Pavol